<?xml version="1.0" encoding="UTF-8"?>
<record
    xmlns:xsi="http://www.w3.org/2001/XMLSchema-instance"
    xsi:schemaLocation="http://www.loc.gov/MARC21/slim http://www.loc.gov/standards/marcxml/schema/MARC21slim.xsd"
    xmlns="http://www.loc.gov/MARC21/slim">

  <leader>00930nam a22002177a 4500</leader>
  <controlfield tag="005">20150826112811.0</controlfield>
  <datafield tag="010" ind1=" " ind2=" ">
    <subfield code="a">ENG-113377</subfield>
  </datafield>
  <datafield tag="020" ind1=" " ind2=" ">
    <subfield code="a">9789383098156</subfield>
    <subfield code="c">2995.00</subfield>
  </datafield>
  <datafield tag="035" ind1=" " ind2=" ">
    <subfield code="a">EN-96909</subfield>
  </datafield>
  <datafield tag="037" ind1=" " ind2=" ">
    <subfield code="b">DBAD/PUB</subfield>
  </datafield>
  <datafield tag="082" ind1=" " ind2=" ">
    <subfield code="a">746.095443</subfield>
  </datafield>
  <datafield tag="100" ind1=" " ind2=" ">
    <subfield code="a">Fischer, Eberhard</subfield>
  </datafield>
  <datafield tag="245" ind1=" " ind2=" ">
    <subfield code="a">Temple tents for goddesses in Gujarat, India /</subfield>
    <subfield code="c">by Eberhard Fischer  ; fieldwork with: Becharbhai Madhavji (1968), Barbara Fischer (1973-81), Haku Shah (1973-81), Jyotindra and Jutta Jain (1977) ; appendix with Haku Shah.</subfield>
  </datafield>
  <datafield tag="260" ind1=" " ind2=" ">
    <subfield code="a">New Delhi </subfield>
    <subfield code="b">Niyogi Books</subfield>
    <subfield code="c">2014</subfield>
  </datafield>
  <datafield tag="270" ind1=" " ind2=" ">
    <subfield code="a">D-78, Okhla Industrial Area, Phase-I, </subfield>
    <subfield code="b">New Delhi </subfield>
    <subfield code="e">110020</subfield>
  </datafield>
  <datafield tag="300" ind1=" " ind2=" ">
    <subfield code="a">299p. :</subfield>
    <subfield code="c">31cm(Hb)</subfield>
    <subfield code="b">ill. (chiefly col.), map</subfield>
  </datafield>
  <datafield tag="500" ind1=" " ind2=" ">
    <subfield code="a"> Includes bibliographical references (pages 298-299).</subfield>
  </datafield>
  <datafield tag="650" ind1=" " ind2=" ">
    <subfield code="a">Textile crafts  </subfield>
    <subfield code="z">India  </subfield>
    <subfield code="z">Gujarat.</subfield>
  </datafield>
  <datafield tag="650" ind1=" " ind2=" ">
    <subfield code="a">Tents  </subfield>
    <subfield code="z">India </subfield>
    <subfield code="z"> Gujarat  </subfield>
    <subfield code="x"> Religious aspects.</subfield>
  </datafield>
  <datafield tag="942" ind1=" " ind2=" ">
    <subfield code="2">ddc</subfield>
    <subfield code="c">EN</subfield>
    <subfield code="m">FIS</subfield>
    <subfield code="h">746.095443</subfield>
  </datafield>
  <datafield tag="999" ind1=" " ind2=" ">
    <subfield code="c">94699</subfield>
    <subfield code="d">94699</subfield>
  </datafield>
  <datafield tag="952" ind1=" " ind2=" ">
    <subfield code="0">0</subfield>
    <subfield code="1">0</subfield>
    <subfield code="4">0</subfield>
    <subfield code="7">1</subfield>
    <subfield code="8">NFIC</subfield>
    <subfield code="a">DBAD</subfield>
    <subfield code="b">DBAD</subfield>
    <subfield code="d">2015-07-07</subfield>
    <subfield code="e">DBAD/PUB</subfield>
    <subfield code="g">2995.00</subfield>
    <subfield code="l">0</subfield>
    <subfield code="o">746.095443 FIS</subfield>
    <subfield code="p">EN-96909</subfield>
    <subfield code="r">2015-07-07 00:00:00</subfield>
    <subfield code="t">1</subfield>
    <subfield code="v">2995.00</subfield>
    <subfield code="y">EN</subfield>
  </datafield>
</record>
